Tradición e innovación en la industria del frío (Record no. 67243)

MARC details
000 -LEADER
campo de control de longitud fija 01056nam a2200241 i 4500
001 - NÚMERO DE CONTROL
campo de control 67243
003 - IDENTIFICADOR DE NÚMERO DE CONTROL
campo de control ES-MaACL
005 - FECHA Y HORA DE LA ÚLTIMA TRANSACCIÓN
campo de control 20250806062537.0
007 - CAMPO FIJO DE DESCRIPCIÓN FÍSICA--INFORMACIÓN GENERAL
campo de control de longitud fija t|
008 - DATOS DE LONGITUD FIJA--INFORMACIÓN GENERAL
campo de control de longitud fija 040511s2004 sp ||||1| spa d
080 ## - NÚMERO DE LA CLASIFICACIÓN DECIMAL UNIVERSAL
Número de la Clasificación Decimal Universal 66-973(460.27 M.)(091)
100 1# - ENTRADA PRINCIPAL--NOMBRE DE PERSONA
Nombre de persona Corella Suárez, Pilar.
9 (RLIN) 40582
245 10 - MENCIÓN DEL TÍTULO
Título Tradición e innovación en la industria del frío
Resto del título : de los pozos de nieve a las fábricas de hielo /
Mención de responsabilidad, etc. por Pilar Corella Suárez.
260 ## - PUBLICACIÓN, DISTRIBUCIÓN, ETC.
Lugar de publicación, distribución, etc. Madrid :
Nombre del editor, distribuidor, etc. Ayuntamiento de Madrid, Concejalía de Gobierno de las Artes :
-- Instituto de Estudios Madrileños,
Fecha de publicación, distribución, etc. 2004.
300 ## - DESCRIPCIÓN FÍSICA
Extensión 48 p. :
Otras características físicas il. ;
Dimensiones 21 cm.
490 1# - MENCIÓN DE SERIE
Mención de serie Ciclo de conferencias: Don Ramón de Mesonero Romanos y su tiempo ;
Designación de volumen o secuencia 11
500 ## - NOTA GENERAL
Nota general Precede al tít.: Centro Mesonero Romanos.
650 14 - PUNTO DE ACCESO ADICIONAL DE MATERIA--TÉRMINO DE MATERIA
Término de materia o nombre geográfico como elemento de entrada Nieve-
Subdivisión general Comercio-
Subdivisión geográfica Madrid (Comunidad Autónoma)-
Subdivisión cronológica S.XIX.
9 (RLIN) 15538
710 2# - ENTRADA AGREGADA--NOMBRE DE ENTIDAD CORPORATIVA
Nombre de entidad corporativa o nombre de jurisdicción como elemento de entrada Instituto de Estudios Madrileños
9 (RLIN) 4916
830 0# - PUNTO DE ACCESO ADICIONAL DE SERIE-TÍTULO UNIFORME
Título uniforme Ciclo de conferencias: Don Ramón de Mesonero Romanos y su tiempo ;
Designación de volumen o secuencia 11
9 (RLIN) 183143
852 ## - LOCALIZACIÓN
Ubicación ES-MaACL
Número de control de estantería 2175-F-14
Sublocalización o colección R.133765
Holdings
Estatus retirado Estado de pérdida Estado de daño No para préstamo Colección Biblioteca de origen Biblioteca actual Ubicación en estantería Fecha de adquisición Fuente de adquisición Total de préstamos Signatura topográfica completa Código de barras Visto por última vez Precio de reemplazo Tipo de ítem Koha
        Colección de folletos Biblioteca del Ateneo de Madrid Biblioteca del Ateneo de Madrid Depósito folletos 17/01/2008     2175-F-14 1070418 23/02/2023 23/02/2023 Folleto